| 000 | 00509nam a2200169 i 4500 | ||
|---|---|---|---|
| 001 | 39848 | ||
| 003 | ES-MaACL | ||
| 005 | 20230906160106.0 | ||
| 007 | t| | ||
| 008 | 030304s1961 sp ||||1| spa d | ||
| 100 | 1 |
_aCanto, Violante do. _934673 |
|
| 245 | 1 | 0 |
_aOrfeo negro _b: novela / _cViolante do Canto ; [traducción de la versión francesa por Rosa Puig]. |
| 260 |
_aBarcelona : _bMateu, _c[1961] |
||
| 300 |
_a251 p. ; _c18 cm. |
||
| 700 | 1 |
_aPuig, Rosa. _994243 |
|
| 852 |
_aES-MaACL _jC-19834 _bR.47539 |
||
| 999 |
_c39848 _d39848 |
||